| 000 | 00346nam a2200133Ia 4500 | ||
|---|---|---|---|
| 008 | 150202s9999 xx 000 0 und d | ||
| 020 | _a6176496 | ||
| 050 |
_aFIC _bFIC |
||
| 100 | _aIsaacs, Susan. | ||
| 245 |
_aShining through / _cSusan Isaacs. |
||
| 260 |
_aNew York : _bFontana, _c1989. |
||
| 300 |
_a473 pages : _c18 cm. |
||
| 650 | _aFiction. | ||
| 999 |
_c282117 _d282117 |
||